Structured computer organization (Record no. 161778)

MARC details
000 -LEADER
fixed length control field 00397nam a2200157Ia 4500
008 - FIXED-LENGTH DATA ELEMENTS--GENERAL INFORMATION
fixed length control field 231217s9999 xx 000 0 und d
041 ## - LANGUAGE CODE
Language code of text/sound track or separate title English
082 ## - DEWEY DECIMAL CLASSIFICATION NUMBER
Classification number 621.381952 TAN
100 ## - MAIN ENTRY--PERSONAL NAME
Personal name Tanenbaum, Andrew S.
245 #0 - TITLE STATEMENT
Title Structured computer organization
250 ## - EDITION STATEMENT
Edition statement 3rd ed.
260 ## - PUBLICATION, DISTRIBUTION, ETC.
Date of publication, distribution, etc. 1990
Name of publisher, distributor, etc. New Delhi : PHI,
300 ## - PHYSICAL DESCRIPTION
Extent xvii+587
650 ## - SUBJECT ADDED ENTRY--TOPICAL TERM
Topical term or geographic name entry element Computer organization
942 ## - ADDED ENTRY ELEMENTS (KOHA)
Koha item type Books
Holdings
Date last seen Total checkouts Full call number Accession number Cost, total (INR) price Price effective from Category Public note Lost status Damaged status Department Withdrawn status Home library Current library Entry date Vendor Cost, normal purchase price Grants Billnumber Billdate Currency symbol Conversion rate Discount Old discount Shelving location
26/01/2024   621.381952 TAN 3082 80.75 26/01/2024 Books Weeded Out 2016     Central Library   Central Library Central Library 07/08/1991 Sapna Book House 95.00 CS 15798 10/08/1991 RS 1 14.25 15  
26/01/2024   621.381952 TAN;6 3085 80.75 26/01/2024 Books Weeded Out 2016     Central Library   Central Library Central Library 07/08/1991 Sapna Book House 95.00 CS 15798 10/08/1991 RS 1 14.25 15  
26/01/2024   621.381952 TAN;4 7531 80.75 26/01/2024 Books SC ST (068)     Central Library   Central Library Central Library 14/09/1995   95.00 SC-ST   10/02/1998 RS 1 14.25 15 SC-ST

© For any Suggestions or Query, please contact the library staff @ librarian@pes.edu or Phone: +9180 2672 1983/ 2108.